000 00740 a2200241 4500
003 OSt
005 20260312113512.0
008 260312b |||||||| |||| 00| 0 eng d
020 _a9789774167133 (pbk)
_cTB
037 _cTB
040 _aAL
_bpun
_cAL
041 _apun
100 _aMahfouz, Naguib
_9846731
245 _aMidaq Alley
260 _aCairo, New York:
_bThe American University in Cairo Press,
_c2011.
300 _a280p.
365 _b9.99
_cGBP
600 _aArabic Literature
_91131790
610 _aArabic Novel
_91131791
700 _aHumphrey Davies
_e Tr.
_91131792
942 _cTB
_2CC
_hO28,3N11,MA 111Q1
999 _c1464118
_d1464118